[Event "Most op-A"]
[Site "Most"]
[Date "1999.??.??"]
[Round "?"]
[White "Drahorad, Kamil"]
[Black "Vorsilka, Jiri"]
[Result "0-1"]
[WhiteElo "1815"]
[BlackElo "2005"]
[PlyCount "93"]
[EventDate "1999.??.??"]
[EventType "swiss"]
[EventRounds "9"]
[EventCountry "CZE"]
[SourceTitle "EXT 2003"]
[Source "ChessBase"]
[SourceDate "2002.11.25"]
[SourceVersion "1"]
[SourceVersionDate "2002.11.25"]
[SourceQuality "1"]

1. e4 c5 2. Nc3 Nc6 3. d3 g6 4. g3 Bg7 5. Bg2 e6 6. Nge2 Nge7 7. 0-0 0-0 8. Nb5 d5 9. c3 a6 10. Na3 b5 11. f4 Bb7 12. Nc2 d4 13. Qd2 Qd7 14. cxd4 Nxd4 15. Nexd4 Bxd4+ 16. Nxd4 Qxd4+ 17. Qe3 Nc6 18. Qxd4 Nxd4 19. Rf2 Rfd8 20. Be3 Rac8 21. Rc1 a5 22. Bf1 f5 23. Bg2 b4 24. exf5 Bxg2 25. Kxg2 Nxf5 26. Re2 Rxd3 27. Bf2 c4 28. Rxe6 Rd2 29. Rb1 c3 30. bxc3 bxc3 31. Ree1 Rxa2 32. Kf3 c2 33. Rbc1 a4 34. Kg4 a3 35. Kg5 Rb2 36. g4 Nd6 37. Bd4 Rb5+ 38. Kh4 a2 39. Be5 Nb7 40. f5 Rb1 41. Kg5 Rxc1 42. Rxc1 Na5 43. fxg6 hxg6 44. Kxg6 Nb3 45. Rf1 c1Q 46. Rf7 Qc6+ 47. Bf6 0-1

[Event "Most op-A"]
[Site "Most"]
[Date "1999.??.??"]
[Round "?"]
[White "Wenke, Jiri"]
[Black "Drahorad, Kamil"]
[Result "1-0"]
[WhiteElo "1895"]
[BlackElo "1815"]
[PlyCount "59"]
[EventDate "1999.??.??"]
[EventType "swiss"]
[EventRounds "9"]
[EventCountry "CZE"]
[SourceTitle "EXT 2003"]
[Source "ChessBase"]
[SourceDate "2002.11.25"]
[SourceVersion "1"]
[SourceVersionDate "2002.11.25"]
[SourceQuality "1"]

1. e4 e6 2. d4 d5 3. e5 c5 4. c3 Nc6 5. Nf3 Qb6 6. Bd3 Bd7 7. dxc5 Bxc5 8. Qe2 f6 9. b4 Be7 10. Bf4 Nxe5 11. Nxe5 fxe5 12. Qh5+ Kd8 13. Bxe5 Bf6 14. 0-0 Bxe5 15. Qxe5 Nf6 16. a4 Kc8 17. Nd2 Qc7 18. Qg5 Rg8 19. c4 h6 20. Qg3 Qxg3 21. fxg3 a5 22. b5 b6 23. Rac1 Kb7 24. cxd5 exd5 25. Nf3 Rge8 26. Nd4 Re3 27. Bf5 Bxf5 28. Nxf5 d4 29. Nd6+ Ka7 30. Rc7+ 1-0